Starobné dôchodkové sporenie - zmeny v 2. pilieri

Ukončenie účasti v starobnom dôchodkovom sporení (SDS). Pravidlá SDS. Osoby zúčastnené na SDS. Prerušenie účasti na SDS. Lehoty na prestup. Povinnosti dôchodkových správcovských spoločností (DSS) na úseku kontroly. Pravidlá investovania v SDS. Rating pri investičnej činnosti. Hodnotenie rizika. Povi...

Ausführliche Beschreibung

Gespeichert in:
Bibliographische Detailangaben
1. Verfasser: Cingelová, Zuzana
Format: Buchkapitel
Sprache:Slowakisch
Schlagworte:
Tags: Tag hinzufügen
Keine Tags, Fügen Sie das erste Tag hinzu!

MARC

LEADER 00000naa$a2200000$$$4500
001 0091146
005 20231120113330.7
041 0 |a slo 
044 |a SK 
245 1 0 |a Starobné dôchodkové sporenie - zmeny v 2. pilieri  |c Zuzana Cingelová 
520 |a Ukončenie účasti v starobnom dôchodkovom sporení (SDS). Pravidlá SDS. Osoby zúčastnené na SDS. Prerušenie účasti na SDS. Lehoty na prestup. Povinnosti dôchodkových správcovských spoločností (DSS) na úseku kontroly. Pravidlá investovania v SDS. Rating pri investičnej činnosti. Hodnotenie rizika. Povinnosti DSS súvisiace s vedením účtu sporiteľa. DSS je povinná rozšíriť informačnú činnosť voči sporiteľom. Povinnosť aktualizácie údajov. 
610 2 0 |a sporenie dôchodkové 
610 2 0 |a sporenie dôchodkové starobné 
610 2 0 |a poistné 
610 2 0 |a spoločnosti správcovské dôchodkové 
610 2 0 |a kontrola 
610 2 0 |a informácie 
610 2 0 |a investície 
610 2 0 |a rating 
100 1 |a Cingelová, Zuzana